On the theoretical specification of industrial structure-performance relationships (Registro nro. 27022)

Detalles MARC
000 -LEADER
fixed length control field 00369 a2200109 4500
001 - CONTROL NUMBER
control field ART_14766
005 - DATE AND TIME OF LATEST TRANSACTION
control field 20260410161913.0
008 - FIXED-LENGTH DATA ELEMENTS--GENERAL INFORMATION
fixed length control field 260409a
100 1# - MAIN ENTRY--PERSONAL NAME
Personal name Cowling, Keith
245 10 - TITLE STATEMENT
Title On the theoretical specification of industrial structure-performance relationships
773 0# - HOST ITEM ENTRY
Title European economic review
Related parts - Vol. 8, Nº 1 (jun. 1976)
Record control number REV13346

No hay ítems disponibles.